MARC

LEADER 00000nam0a2200000 4500
001 106593
005 20231101214659.0
035 |a (RuTPU)RU\TPU\book\115086 
090 |a 106593 
100 |a 20061211d1975 m y0rusy50 ca 
101 0 |a rus 
102 |a RU 
105 |a a z 000zy 
200 1 |a Синтез метилового эфира метакриловой кислоты  |e памятка аппаратчику  |f И. П. Уртминцева  |g Министерство химической промышленности СССР 
210 |a Москва  |c Химия  |d 1975 
215 |a 33 с.  |c ил. 
610 1 |a метилметакрилат 
610 1 |a синтез 
610 1 |a эфир 
610 1 |a исходное сырье 
610 1 |a свойства 
610 1 |a схемы производства 
610 1 |a контрольно-измерительные приборы 
610 1 |a техника безопасности 
675 |a 679.56  |v 3 
700 1 |a Уртминцева  |b И. П.  |g Ираида Павловна 
712 0 2 |a Министерство химической промышленности СССР  |2 stltpush  |3 (RuTPU)RU\TPU\col\11270  |9 25007 
801 1 |a RU  |b 63413507  |c 20061211  |g PSBO 
801 2 |a RU  |b 63413507  |c 20070910  |g PSBO 
942 |c BK